000 01185nam a22003257a 4500
003 CHAP
005 20220329135857.0
008 971013s1969 ag r 00010 spa d
010 _a43705
011 _a44677
035 _a48815
040 _cCHAP
082 0 4 _a636.089016
_bF85 1960-67
100 0 0 _aFundación Interamericana de Bibliotecología Franklin.
_943987
245 1 _aBibliografía de medicina veterinaria en lengua española, 1960-1967
260 _aBuenos Aires :
_b(s.e.),
_c1969
300 _a82 p.
590 _aBATCH-UPD
_b10
_c20130110
_lUCH01
_h0309
590 _aBATCH-UPD
_b10
_c20130110
_lUCH01
_h2245
590 _aBATCH-UPD
_b10
_c20130409
_lUCH01
_h2341
590 _aBATCH-UPD
_b10
_c20130410
_lUCH01
_h1539
590 _aBATCH-UPD
_b10
_c20130914
_lUCH01
_h1947
590 _aCONVERSION
_b10
_c20130109
_lUCH01
_h1324
650 1 4 _aVeterinaria
_xBibliografía.
_9118990
901 _aBK
942 _cLIBRO
949 _a636.089016 F85 1960-67
_bBC
_cBPA
_d-110355
_eBPA
_h13942
_i48815
_mD
_si
949 _a636.089016 F85 1960-67
_bBC
_cC
_d-110358
_eC
_fc.3
_h29865
_i48815
_si
949 _a636.089016 F85 1960-67
_bBC
_cLIBRO
_d33724000277125
_eLIBRO
_fc.2
_h13943
_i48815
_mD
_si
999 _c43705
_d43705